U.S. States that Allow Late Term Abortions - Statistics

General Stats
  • This quiz has been taken 13 times
  • The average score is 6 of 10
Answers on the Map
Answers color-coded by a green-red scale on the quiz's map according to % correct below.
 
Answer Stats
State % Correct
Maryland
83%
Michigan
83%
Oregon
83%
Alaska
75%
Vermont
75%
Minnesota
67%
New Jersey
67%
Colorado
58%
New Mexico
42%
District of Columbia
0%
No matching quizzes found
Score Distribution
Percent of People with Each Score
Percentile by Number Answered
Your Score History
You have not taken this quiz